1607 1176 1774 1537 1724 1948 1885 1205 1703 1328 1834 1679 1361 1882 1010 1304 1680 1507 1162 1672 1177 1511 1878 1669 1158 1833 1033 1989 1462 1974 1173 1091 1760 1307 1641 1808 1599 1880 1034 1057 1545 1184 1402 1973 1042 1338 1224 1069 1026 1906 1356 1485 1031 1432 1913 1259 1380 1035 1617 1647 1954 1876 1414 1162 1321 1107 1781 1633 1957 1879 1554 1326 1582 1716 1369 1858 1348 1501 1679 1201 1731 1678 1901 1324 1375 1726 1341 1863 1413 1120 1942 1104 1713 1051 1268 1392 1562 1511 1381 BCNSPRNW ULIB Ver.6.0+V

เปลี่ยนเป็นภาษาไทย

Change to English
 แสดงรายละเอียดบรรณานุกรม
  กลับหน้าหลัก

Brief Record : Get Marc (ISO 2709) : E-mail record : QR code < ปิดหน้าต่าง
LEADER : 00000nam 2200000uu 4500
001    13399111419
003     ULIB
008    110624s||||||||th 000 0 tha d
020    9744914092
050 04 BQ4190^bช616ว 2552
100 0  ชุติปัญโญ
245 10 วันเวลาผ่านไป ใจของเราล่ะ /^cชุติปัญโญ
250    พิมพ์ครั้งที่ 4
260    กรุงเทพ ฯ :^bใยไหม,^c2552
300    160 หน้า
650  4 ธรรมะประยุกต์
650  4 ปรัชญาชีวิต
945    ^p140^l0^i026446
995    ทศพร
999 ^a ใช้งานได้ทุกระบบ
รายการนี้ยังไม่มีแท็ก
คุณยังไม่ได้ล็อกอิน คุณสามารถมีกิจกรรมร่วมกับเว็บไซต์ได้ แต่ต้องล็อกอินก่อน ::
  ล็อกอิน

รายการสื่อสารสนเทศ

ลำดับที่ ประเภท เลขเรียก/บาร์โค้ด สถานที่ สถานะ
- ไม่พบข้อมูล -

รายการใกล้เคียง
    ผู้แต่ง [ชุติปัญโญ]

BibComment


ยังไม่เคยถูกคอมเมนท์

คอมเมนท์ทรัพยากรรายการนี้
  คอมเมนท์: วันเวลาผ่านไป ใจข..


 Copyright 2026. Bcnsprnw @Library